000 01139nac a22003737a 4500
001 BR0805968
003 BR-BrBNA
005 20240105123657.0
008 230509b bl.|||m| |||| 00| 0 por d
040 _aBR-BrBNA
_bpor
_cBiblioteca Nacional de Agricultura
072 _aH20
090 _a0336 BR0805968
100 1 _aBenchimol, R.L.
100 1 _aEl-Husny, J.C.
100 1 _aBarriga, J.P.
100 1 _aSilveira Filho, A.
100 1 _aYorinori, J.T.
100 1 _aAndrade, E.B. de
110 1 _aEMBRAPA Pecuária Sudeste, São Carlos, SP (Brasil)
_93694
245 1 _aA ferrugem asiática da soja no Estado do Pará, nas safras de 2003/2004 e 2004/2005
260 3 _aSão Carlos, SP (Brasil):
_c2005.
300 _a4 p.
490 _aComunicado Técnico - EMBRAPA Pecuária Sudeste (Brazil)
_vno. 150
_xISSN 1517-2244
500 _a10 ref.
650 _aSOJA
650 _aFERRUGEM
650 _aFUNGO
650 _aPHAKOPSORA PACHYRHIZI
650 _aDOENÇA DE PLANTA
650 _aFUNGICIDA
650 _aCONTROLE QUÍMICO
909 _a202312
_bLúcia Elande
_c55
_dLúcia Elande
942 _2AGRIS
_n0
_cMS
999 _c296500
_d296500